Tập bài giảng luật thuế.
Spremljeno u:
| Format: | Sách giấy |
|---|---|
| Jezik: | Vietnamese |
| Izdano: |
Tp. Hồ Chí Minh :
Trường Đại học Luật,
2009.
|
| Teme: | |
| Oznake: |
Dodaj oznaku
Bez oznaka, Budi prvi tko označuje ovaj zapis!
|
| Thư viện lưu trữ: | Thư viện Trường Đại học Đà Lạt |
|---|
| LEADER | 00669nam a2200289 4500 | ||
|---|---|---|---|
| 001 | DLU100103759 | ||
| 005 | ##20100122 | ||
| 040 | # | # | |a DLU |b vie |
| 041 | # | # | |a vie |
| 044 | # | # | |a vn |
| 082 | # | # | |a 343.04 |b Tap |
| 245 | # | # | |a Tập bài giảng luật thuế. |
| 260 | # | # | |a Tp. Hồ Chí Minh : |b Trường Đại học Luật, |c 2009. |
| 300 | # | # | |a 343 tr. ; |c 21 cm. |
| 653 | # | # | |a Giáo trình |
| 653 | # | # | |a Hệ thống thuế |
| 923 | # | # | |a 18/2009 |
| 991 | # | # | |a GT |
| 992 | # | # | |a 40000 |
| 994 | # | # | |a DLU |
| 900 | # | # | |a True |
| 911 | # | # | |a Đào Thị Thu Huyền |
| 925 | # | # | |a G |
| 926 | # | # | |a A |
| 927 | # | # | |a SH |
| 980 | # | # | |a Thư viện Trường Đại học Đà Lạt |